000 00504nam a2200181Ia 4500
001 8900
005 20260306160644.0
008 260306t2014||||xx |||||||||||||| ||spa||
041 _aESP
082 _a371.9
_bP42
100 _aPeñafiel Martínez, Fernando
_eAUT
245 0 _aEvaluación e intervención didáctica:
_batención a las necesidades específicas de apoyo educativo
260 _c2014
300 _a196 páginas :
_c23 cm.
650 _aGEN
654 _aCED
942 _cLIB
_dJUS
_fJUS
_2ddc
_n
999 _c8900
_d8900